Vista normal
Vista MARC
Entrada Nombre corporativo
Número de registros utilizados en: 2
001 - NÚMERO DE CONTROL
- campo de control: 63981
003 - IDENTIFICADOR DEL NÚMERO DE CONTROL
- campo de control: OSt
005 - FECHA Y HORA DE LA ÚLTIMA TRANSACCIÓN
- campo de control: 20250213183357.0
008 - DATOS DE LONGITUD FIJA
- campo de control de longitud fija: 200615|| aca||aabn | a|a d
010 ## - NÚMERO DE CONTROL DE LA BIBLIOTECA DEL CONGRESO
- Número de control de LC: n 2002041658
040 ## - FUENTE DE LA CATALOGACIÓN
- Centro catalogador/agencia de origen: DO-SdBNP
- Lengua de catalogación: spa
- Centro/agencia transcriptor: BNPHU
110 ## - ENCABEZAMIENTO-NOMBRE DE ENTIDAD CORPORATIVA
- Nombre de entidad corporativa o nombre de jurisdicción como elemento de entrada: Editora Nacional (República Dominicana)
410 1# - TRAZADO DE VÉASE--NOMBRE DE ENTIDAD CORPORATIVA
- Nombre de entidad corporativa o nombre de jurisdicción como elemento de entrada: República Dominicana.
- Unidad subordinada: Secretaría de Estado de Cultura.
- Unidad subordinada: Editora Nacional
670 ## - FUENTE DE DATOS ENCONTRADOS
- Cita de la fuente: Work cat.: (OSt)37014: País cultural :
670 ## - FUENTE DE DATOS ENCONTRADOS
- Cita de la fuente: Francisco, Ramón. La patria montonera, 2002:
- Información encontrada: (Editora Nacional, Secretaría de Estado de Cultura)
